Educar las emociones: educar para la vida
Uloženo v:
| Hlavní autor: | |
|---|---|
| Médium: | Kniha |
| Jazyk: | španělština |
| Vydáno: |
Santiago, Chile
Ediciones B Chile
2009
|
| Vydání: | 3a. ed |
| Edice: | Vivir Mejor
|
| Témata: | |
| On-line přístup: | Disponible Online |
| Tagy: |
Přidat tag
Žádné tagy, Buďte první, kdo vytvoří štítek k tomuto záznamu!
|
MARC
| LEADER | 00000cam a2200000 a 4500 | ||
|---|---|---|---|
| 001 | UCH2556 | ||
| 003 | CL-VaPUC | ||
| 005 | 20240513095701.0 | ||
| 008 | 090618e20090000CL |||||||||||||||||spa|d | ||
| 999 | |c 334282 |d 334280 | ||
| 020 | |a 9789563040579 | ||
| 040 | |c Pontificia Universidad Católica de Valparaíso | ||
| 082 | 0 | 4 | |a 155.418 CES 2009 |2 21 |
| 100 | 0 | |a Céspedes Calderón, Amanda |e author |9 537423 | |
| 245 | 1 | 0 | |a Educar las emociones: educar para la vida |
| 250 | |a 3a. ed | ||
| 260 | |a Santiago, Chile |b Ediciones B Chile |c 2009 | ||
| 300 | |a 217 páginas | ||
| 490 | 0 | |a Vivir Mejor | |
| 583 | |a last modification |c 20120816 12:15:44 |k Rodrigo Vera | ||
| 650 | 0 | |a Psicología del niño |2 CL-VaPUC |9 307305 |x Desarrollo emocional | |
| 650 | 0 | |a Desarrollo infantil |9 308064 |x Emociones | |
| 852 | |a BIBCUR | ||
| 856 | |u https://bibliografiadigital.pucv.cl/index.php/bibliotecapucv/catalog/book/103 |y Disponible Online | ||
| 942 | |c BK |2 ddc | ||
| 945 | |d 20090618 00:00:00 |a cmena | ||
| 952 | |0 0 |1 0 |4 0 |6 155_418000000000000_CES_2009 |7 0 |8 A |9 423232 |a BIBEDU |b BIBEDU |d 2019-11-22 |i 460430K |o 155.418 CES 2009 |p 460430K |r 2019-11-22 |w 2019-11-22 |y BK |k EPE | ||
| 952 | |0 0 |1 0 |4 0 |6 155_418000000000000_CES_2009 |7 0 |8 A |9 423233 |a BIBEDU |b BIBEDU |d 2019-11-22 |i 4604318 |l 2 |o 155.418 CES 2009 |p 4604318 |r 2023-03-16 |s 2023-03-09 |w 2019-11-22 |y BK |k EPE | ||
| 952 | |0 0 |1 0 |4 0 |6 155_418000000000000_CES_2009 |7 0 |8 A |9 423234 |a BIBEDU |b BIBEDU |d 2019-11-22 |i 4895517 |l 5 |m 3 |o 155.418 CES 2009 |p 4895517 |r 2023-07-07 |s 2023-07-07 |w 2019-11-22 |y BK |k PAR | ||
| 952 | |0 0 |1 0 |4 0 |6 155_418000000000000_CES_2009 |7 0 |8 A |9 423235 |a BIBEDU |b BIBEDU |d 2019-11-22 |i 4895525 |l 8 |m 1 |o 155.418 CES 2009 |p 4895525 |r 2023-10-20 |s 2023-10-20 |w 2019-11-22 |y BK |k PAR | ||
| 952 | |0 0 |1 0 |3 erb |4 0 |6 155_418000000000000_CES_2009 |7 0 |8 A |9 423240 |a BIBEDU |b BIBEDU |i 5127572 |o 155.418 CES 2009 |p 5127572 |r 2019-11-22 |w 2019-11-22 |y BK |z Catalogado en:20141204 |k EBA | ||
| 952 | |0 0 |1 0 |3 erb |4 0 |6 155_418000000000000_CES_2009 |7 0 |8 A |9 423241 |a BIBEDU |b BIBEDU |i 5127564 |o 155.418 CES 2009 |p 5127564 |r 2019-11-22 |w 2019-11-22 |y BK |z Catalogado en:20141204 |k EBA | ||
| 952 | |0 0 |1 0 |3 erb |4 0 |6 155_418000000000000_CES_2009 |7 0 |8 A |9 423242 |a BIBEDU |b BIBEDU |i 5127556 |o 155.418 CES 2009 |p 5127556 |r 2019-11-22 |w 2019-11-22 |y BK |z Catalogado en:20141204 |k EBA | ||